| 000 | 00739nam a22001817a 4500 | ||
|---|---|---|---|
| 999 |
_c371574 _d371574 |
||
| 008 | 201127b ||||| |||| 00| 0 eng d | ||
| 040 |
_aDE-2950 _bger _cDE-2950 _erda |
||
| 041 | _ager | ||
| 245 |
_aBauarbeiten in zwei Schichten. _bInfrastruktur: Die Straßenbahn verkehrt derzeit nicht im Frankfurter Stadtzentrum. Bis zum Ende der Osterferien soll alles fertig sein/ _cPhilipp Stepputtis |
||
| 264 | _c2022 | ||
| 653 | _aFrankfurt (Oder) | ||
| 653 | _aAustausch Weichenanlage Straßenbahn | ||
| 773 |
_dFrankfurt (Oder) Märkisches Verlags- und Druckhaus GmbH & Co KG _tMärkische Oderzeitung _g33. Jahrgang (2022) Nr. 86 vom 12.04.2022, S. 13 |
||
| 942 | _cA | ||